[Event "CAN-ch U2200"]
[Site "Kingston CAN"]
[Date "2019.04.21"]
[Round "6.24"]
[White "Han, Johnathan"]
[Black "Van Rooy, Jake"]
[Result "1-0"]
[WhiteElo "1979"]
[BlackElo "1959"]
[PlyCount "107"]
[EventDate "2019.04.18"]
[EventType "swiss"]
[EventRounds "9"]
[EventCountry "CAN"]

1. e4 c5 2. Nf3 g6 3. d4 Bg7 4. Nc3 cxd4 5. Nxd4 Nc6 6. Be3 Nf6 7. Bc4 Qa5 8.
O-O O-O 9. f3 d6 10. Qd2 Qb4 11. Bb3 Nxe4 12. Nxc6 Nxd2 13. Nxb4 Nxf1 14. Kxf1
Bxc3 15. bxc3 e6 16. Rd1 d5 17. c4 a5 18. Bc5 Rd8 19. Bb6 Rd6 20. c5 Rxb6 21.
cxb6 axb4 22. Rd4 Bd7 23. Rxb4 Kf8 24. f4 Ke7 25. Ke2 Kd6 26. Kd3 Kc5 27. c3
Ra6 28. g4 Rxb6 29. Rxb6 Kxb6 30. Kd4 f6 31. h4 Kc6 32. g5 fxg5 33. hxg5 Kd6
34. Bd1 Bb5 35. a3 b6 36. Bf3 Ba4 37. Be2 Bc2 38. Bb5 Bf5 39. Be8 Bg4 40. Bb5
Bd1 41. Bd3 Kc6 42. Ke5 Kc5 43. Kxe6 d4 44. cxd4+ Kxd4 45. Bb1 Ke3 46. f5 Bg4
47. Kf6 Bxf5 48. Bxf5 gxf5 49. Kxf5 Kf3 50. a4 Ke3 51. Ke5 Kf3 52. Kd5 Kg4 53.
Kc6 Kxg5 54. Kxb6 1-0

[Event "CAN-ch U2200"]
[Site "Kingston CAN"]
[Date "2019.04.21"]
[Round "7.20"]
[White "Doubleday, William"]
[Black "Zhao, Jeffrey Renfei"]
[Result "1/2-1/2"]
[WhiteElo "1942"]
[BlackElo "1968"]
[PlyCount "96"]
[EventDate "2019.04.18"]
[EventType "swiss"]
[EventRounds "9"]
[EventCountry "CAN"]

1. d4 d5 2. c4 e6 3. Nc3 Nf6 4. Nf3 Be7 5. Bf4 O-O 6. e3 Nbd7 7. h3 b6 8. cxd5
Nxd5 9. Nxd5 exd5 10. a3 Bb7 11. Rc1 c5 12. Bd3 Rc8 13. O-O Re8 14. Re1 Bf8 15.
Bb1 g6 16. dxc5 Nxc5 17. Nd4 Ne6 18. Rxc8 Qxc8 19. Be5 Bg7 20. Bxg7 Kxg7 21.
Qd2 Qd7 22. Rc1 Rc8 23. Rxc8 Qxc8 24. Ba2 Kg8 25. Nb5 Qc6 26. Nd4 Qc8 27. f3 a6
28. Nxe6 fxe6 29. Qd4 Qc5 30. Qe5 Kf7 31. Kh2 Qc8 32. h4 Qd8 33. Kg3 b5 34. h5
Qf6 35. f4 Qxe5 36. fxe5 g5 37. Bb1 h6 38. Kf2 Ke7 39. g3 Kd7 40. Ke2 Kc6 41.
Kd3 Kc5 42. b4+ Kb6 43. Kd4 Bc6 44. Bg6 Bd7 45. e4 dxe4 46. Bf7 Kc6 47. Kxe4
Kb6 48. Kd4 Kc6 1/2-1/2

[Event "CAN-ch U2200"]
[Site "Kingston CAN"]
[Date "2019.04.21"]
[Round "7.21"]
[White "Mercure, Gilbert"]
[Black "Xu, Daniel"]
[Result "1/2-1/2"]
[WhiteElo "1892"]
[BlackElo "2081"]
[PlyCount "90"]
[EventDate "2019.04.18"]
[EventType "swiss"]
[EventRounds "9"]
[EventCountry "CAN"]

1. e4 c5 2. d4 cxd4 3. c3 Nf6 4. e5 Nd5 5. Bc4 e6 6. Nf3 Nc6 7. O-O Be7 8. cxd4
d6 9. Bxd5 exd5 10. Nc3 Be6 11. Bf4 dxe5 12. dxe5 O-O 13. h3 Qa5 14. a3 Rfd8
15. Qd2 d4 16. Ne4 Qd5 17. Rfe1 Bf5 18. Nd6 Bxd6 19. exd6 Bxh3 20. b4 Bf5 21.
Rac1 Be6 22. Rc5 Qa2 23. Qxa2 Bxa2 24. b5 Na5 25. Nxd4 Nb3 26. Nxb3 Bxb3 27.
Rc7 Rab8 28. Ree7 Bd5 29. a4 Kf8 30. f3 Rbc8 31. Kf2 Rxc7 32. Rxc7 Ke8 33. Ke3
Rd7 34. Rc5 Be6 35. Kd4 f6 36. Rc1 Rd8 37. a5 Rc8 38. Rc7 Rxc7 39. dxc7 Kd7 40.
Kc5 g5 41. Bh2 h5 42. Kd4 Bf5 43. Kd5 Bd3 44. b6 axb6 45. axb6 Bf1 1/2-1/2

[Event "CAN-ch U2200"]
[Site "Kingston CAN"]
[Date "2019.04.21"]
[Round "7.22"]
[White "Latreille, Etienne"]
[Black "Donev, Danail"]
[Result "0-1"]
[WhiteElo "1956"]
[BlackElo "2007"]
[PlyCount "84"]
[EventDate "2019.04.18"]
[EventType "swiss"]
[EventRounds "9"]
[EventCountry "CAN"]

1. d4 Nf6 2. c4 g6 3. Nc3 Bg7 4. e4 d6 5. Nf3 O-O 6. b3 e5 7. d5 Nbd7 8. Bd3
Nh5 9. O-O a6 10. b4 Nf4 11. Bxf4 exf4 12. Rc1 g5 13. Ne1 Ne5 14. f3 Kh8 15. g4
fxg3 16. hxg3 Ng6 17. Ne2 Rg8 18. Rf2 Ne5 19. Bb1 Qf6 20. Qb3 Bh6 21. c5 g4 22.
f4 Nf3+ 23. Kg2 Qg6 24. Nxf3 gxf3+ 25. Qxf3 Bg4 26. Qe3 Rae8 27. cxd6 cxd6 28.
Rh1 f5 29. Kf1 fxe4 30. Rfh2 Bxe2+ 31. Kxe2 Qg4+ 32. Kd2 Rg6 33. Rxh6 Rxh6 34.
Rxh6 Qg7 35. Rh1 Qb2+ 36. Bc2 Qxa2 37. Qd4+ Kg8 38. Ra1 e3+ 39. Kd3 e2 40. Re1
a5 41. bxa5 Qxa5 42. Qc3 Re3+ 0-1

[Event "CAN-ch U2200"]
[Site "Kingston CAN"]
[Date "2019.04.21"]
[Round "7.23"]
[White "Joseph Benher, Savio"]
[Black "Van Rooy, Jake"]
[Result "1/2-1/2"]
[WhiteElo "1746"]
[BlackElo "1959"]
[PlyCount "173"]
[EventDate "2019.04.18"]
[EventType "swiss"]
[EventRounds "9"]
[EventCountry "CAN"]

1. e4 c5 2. Nf3 g6 3. d4 Bg7 4. dxc5 Qa5+ 5. Bd2 Qxc5 6. Bc3 Nf6 7. Bd3 O-O 8.
O-O Nc6 9. Nbd2 d5 10. Nb3 Qb6 11. exd5 Nxd5 12. Bxg7 Kxg7 13. Qd2 Nf6 14. Qf4
Qb4 15. Qxb4 Nxb4 16. Rfe1 Nxd3 17. cxd3 Nd5 18. Nbd4 b6 19. Ne5 Bb7 20. g3 a6
21. a3 Rac8 22. Rac1 Rfd8 23. h4 h5 24. Ne2 Rxc1 25. Rxc1 Rc8 26. Rxc8 Bxc8 27.
Nc3 Nc7 28. Kf1 Kf6 29. Nc4 b5 30. Ne3 e6 31. Ne4+ Ke7 32. Ke2 Bb7 33. Nc5 Bc6
34. b4 f6 35. f4 Bd7 36. d4 Bc8 37. Kd3 Ne8 38. d5 e5 39. fxe5 fxe5 40. Ke4 Kd6
41. Kd3 Nf6 42. Ne4+ Nxe4 43. Kxe4 Bb7 44. g4 hxg4 45. Nxg4 Bxd5+ 46. Ke3 Ba2
47. Nf6 Bb1 48. Ne8+ Kd7 49. Nf6+ Kc6 50. Kf3 Bf5 51. Ke3 Kd6 52. Ne8+ Kd7 53.
Nf6+ Ke7 54. Nd5+ Kd6 55. Nf6 Bd7 56. h5 gxh5 57. Nxh5 Ke6 58. Ng3 Bc6 59. Nf1
Bb7 60. Nd2 Kd5 61. Kd3 Bc8 62. Nb3 Bf5+ 63. Ke3 Kc4 64. Na5+ Kc3 65. Nb7 Kb2
66. Nc5 Bc8 67. a4 Kc3 68. axb5 axb5 69. Ne4+ Kxb4 70. Nd6 Bf5 71. Nxf5 Kc3 72.
Nd6 b4 73. Ne4+ Kc4 74. Nd2+ Kc3 75. Ne4+ Kc2 76. Nc5 Kc3 77. Ke4 Kc4 78. Nd3
b3 79. Nxe5+ Kc3 80. Nd3 Kc4 81. Ke3 Kc3 82. Ke4 Kc4 83. Ke3 Kd5 84. Kd2 Kd4
85. Nb2 Kd5 86. Kc3 Kc5 87. Kxb3 1/2-1/2

[Event "CAN-ch U2200"]
[Site "Kingston CAN"]
[Date "2019.04.22"]
[Round "8.19"]
[White "Donev, Danail"]
[Black "Xu, Ruoying"]
[Result "1/2-1/2"]
[WhiteElo "2007"]
[BlackElo "2053"]
[PlyCount "56"]
[EventDate "2019.04.18"]
[EventType "swiss"]
[EventRounds "9"]
[EventCountry "CAN"]

1. e4 e5 2. Nf3 Nc6 3. Bc4 Bc5 4. b4 Bxb4 5. c3 Be7 6. d4 Na5 7. Be2 exd4 8.
Qxd4 d6 9. Qxg7 Bf6 10. Qg3 Nc6 11. O-O Bd7 12. Na3 Qe7 13. Nb5 O-O-O 14. Bd3
a6 15. Nbd4 Ne5 16. Nxe5 dxe5 17. Nb3 h5 18. Qe3 Be6 19. Na5 Bg5 20. Qa7 Rxd3
21. Qxb7+ Kd7 22. Qc6+ Kd8 23. Rb1 Bc8 24. Rb8 Qe6 25. Nb7+ Ke7 26. Bxg5+ f6
27. Qxe6+ Bxe6 28. Nc5 Rxc3 1/2-1/2

[Event "CAN-ch U2200"]
[Site "Kingston CAN"]
[Date "2019.04.22"]
[Round "8.20"]
[White "Han, Johnathan"]
[Black "Doubleday, William"]
[Result "0-1"]
[WhiteElo "1979"]
[BlackElo "1942"]
[PlyCount "76"]
[EventDate "2019.04.18"]
[EventType "swiss"]
[EventRounds "9"]
[EventCountry "CAN"]

1. e4 c5 2. Nf3 Nc6 3. d4 cxd4 4. Nxd4 Qb6 5. Nb3 Nf6 6. Nc3 e6 7. Qe2 Bb4 8.
Bd2 Be7 9. g4 d6 10. g5 Nd7 11. Be3 Qc7 12. f4 a6 13. O-O-O b5 14. Bg2 Rb8 15.
Rhe1 O-O 16. f5 Nde5 17. h4 b4 18. Na4 exf5 19. Qf1 fxe4 20. Bxe4 Be6 21. Kb1
Rfc8 22. Qg1 Nc4 23. Bf4 N6e5 24. Bg2 Bd7 25. Nac5 dxc5 26. Bd5 Bd6 27. Bxc4
Nxc4 28. Bxd6 Nxd6 29. Rd5 Be6 30. Rxc5 Qb7 31. Na5 Qf3 32. Rxc8+ Rxc8 33. Rd1
Nf5 34. Rd3 Qe2 35. Qc1 Bxa2+ 36. Kxa2 Qxd3 37. cxd3 Rxc1 38. h5 Nd4 0-1

[Event "CAN-ch U2200"]
[Site "Kingston CAN"]
[Date "2019.04.22"]
[Round "8.21"]
[White "Zhao, Jeffrey Renfei"]
[Black "Xu, Daniel"]
[Result "1/2-1/2"]
[WhiteElo "1968"]
[BlackElo "2081"]
[PlyCount "69"]
[EventDate "2019.04.18"]
[EventType "swiss"]
[EventRounds "9"]
[EventCountry "CAN"]

1. e4 c5 2. Nf3 d6 3. d4 cxd4 4. Nxd4 Nf6 5. Nc3 a6 6. Be2 e5 7. Nb3 Be7 8. Be3
Be6 9. O-O O-O 10. Qd2 Nbd7 11. a4 Qc7 12. Rfd1 Rfd8 13. a5 Nc5 14. Nd5 Nxd5
15. exd5 Bf5 16. f3 Nxb3 17. cxb3 Rdc8 18. Rdc1 Qd7 19. b4 Qe8 20. Rc3 Bd8 21.
Rac1 Bf6 22. Rc7 Rxc7 23. Rxc7 Qb8 24. Rc1 Qe8 25. Rc7 Qb8 26. Bb6 Bd8 27. Rc4
Bd7 28. Rc2 Ba4 29. Rc3 h6 30. Qc1 Bg5 31. Qb1 Qe8 32. Be3 Bxe3+ 33. Rxe3 Bb5
34. Qc2 Bxe2 35. Qxe2 1/2-1/2

[Event "CAN-ch U2200"]
[Site "Kingston CAN"]
[Date "2019.04.22"]
[Round "8.22"]
[White "England, Max"]
[Black "Zhu, Matthew"]
[Result "1-0"]
[WhiteElo "2021"]
[BlackElo "1892"]
[PlyCount "77"]
[EventDate "2019.04.18"]
[EventType "swiss"]
[EventRounds "9"]
[EventCountry "CAN"]

1. e4 c5 2. d4 cxd4 3. c3 dxc3 4. Nxc3 Nc6 5. Nf3 d6 6. Bc4 e6 7. O-O Nf6 8.
Qe2 Be7 9. Rd1 O-O 10. e5 Ne8 11. exd6 Bxd6 12. Nb5 Qe7 13. Bg5 f6 14. Be3 Bb8
15. Rac1 b6 16. Bb3 Bb7 17. Bc5 bxc5 18. Bxe6+ Kh8 19. Rd7 Qxd7 20. Bxd7 Nc7
21. Rxc5 Nxb5 22. Qxb5 Nd8 23. Nd4 a6 24. Qd3 g6 25. h4 Rf7 26. Ne6 Ba7 27. Rc1
Nxe6 28. Bxe6 Re7 29. Qb3 Rae8 30. Bd5 Re1+ 31. Rxe1 Rxe1+ 32. Kh2 Bxd5 33.
Qxd5 Bxf2 34. Qf7 Bc5 35. Qxf6+ Kg8 36. Qd8+ Bf8 37. Qd5+ Kg7 38. Qd4+ Kg8 39.
Qc4+ 1-0

[Event "CAN-ch U2200"]
[Site "Kingston CAN"]
[Date "2019.04.22"]
[Round "8.23"]
[White "Joseph Benher, Savio"]
[Black "Mercure, Gilbert"]
[Result "0-1"]
[WhiteElo "1746"]
[BlackElo "1892"]
[PlyCount "118"]
[EventDate "2019.04.18"]
[EventType "swiss"]
[EventRounds "9"]
[EventCountry "CAN"]

1. e4 d5 2. exd5 Nf6 3. Bb5+ Nbd7 4. Nc3 a6 5. Ba4 b5 6. Bb3 Nb6 7. h3 Bb7 8.
Nf3 Nbxd5 9. Nxd5 Bxd5 10. Bxd5 Qxd5 11. O-O e6 12. d3 Bd6 13. Be3 Rd8 14. Qe2
h6 15. a4 g5 16. c4 Qf5 17. Nd4 Qg6 18. axb5 g4 19. h4 g3 20. f4 Ng4 21. Nf3
Qf5 22. Bd4 Bc5 23. Bxc5 Qxc5+ 24. d4 Rxd4 25. Nxd4 Qxd4+ 26. Kh1 Rg8 27. Qf3
Ne3 28. Rfe1 Nf5 29. Rad1 Qf6 30. Qh5 axb5 31. cxb5 Ke7 32. Rd5 Nxh4 33. Rde5
Ng6 34. Rc5 Qxf4 35. Rec1 Rd8 36. Rxc7+ Kf6 37. Qf3 Rd2 38. Qxf4+ Nxf4 39. R7c2
Rd5 40. Rc4 Rh5+ 41. Kg1 Ne2+ 42. Kf1 Nxc1 43. Ke1 Nd3+ 44. Kd2 Rd5 45. Kc3
Nxb2 46. Kxb2 Rxb5+ 47. Kc2 Kg5 48. Rc3 Kh4 49. Rc4+ Kh5 50. Rc3 Rg5 51. Kd2
Kh4 52. Rc7 Rf5 53. Ke3 Rf2 54. Rc4+ Kg5 55. Rc8 f5 56. Rg8+ Kh4 57. Rg6 f4+
58. Ke4 h5 59. Rg8 Rxg2 0-1

[Event "CAN-ch U2200"]
[Site "Kingston CAN"]
[Date "2019.04.22"]
[Round "8.24"]
[White "Van Rooy, Jake"]
[Black "Latreille, Etienne"]
[Result "1-0"]
[WhiteElo "1959"]
[BlackElo "1956"]
[PlyCount "75"]
[EventDate "2019.04.18"]
[EventType "swiss"]
[EventRounds "9"]
[EventCountry "CAN"]

1. e4 c5 2. Nc3 Nc6 3. Nge2 d6 4. d4 cxd4 5. Nxd4 g6 6. Be3 Bg7 7. Qd2 Nf6 8.
f3 a6 9. g4 h5 10. g5 Nd7 11. f4 O-O 12. O-O-O Re8 13. Bc4 Nb6 14. Bb3 Bg4 15.
Rdf1 Na5 16. f5 Nbc4 17. Qf2 Nxb3+ 18. axb3 Nxe3 19. Qxe3 Qb6 20. f6 exf6 21.
gxf6 Bf8 22. h3 Be6 23. Rhg1 Kh7 24. Qd3 Bh6+ 25. Kb1 Qc7 26. Nxe6 Rxe6 27. Nd5
Qd8 28. Rg2 Re5 29. Rfg1 Qh8 30. Ne7 Qxf6 31. Nxg6 Rg5 32. Rxg5 Bxg5 33. Nh4
Kh8 34. Nf5 Rd8 35. Qf3 Qg6 36. h4 f6 37. Qc3 Bd2 38. Qd4 1-0

[Event "CAN-ch U2200"]
[Site "Kingston CAN"]
[Date "2019.04.22"]
[Round "9.19"]
[White "Doubleday, William"]
[Black "Donev, Danail"]
[Result "1/2-1/2"]
[WhiteElo "1942"]
[BlackElo "2007"]
[PlyCount "40"]
[EventDate "2019.04.18"]
[EventType "swiss"]
[EventRounds "9"]
[EventCountry "CAN"]

1. d4 Nf6 2. c4 g6 3. Nc3 Bg7 4. Nf3 O-O 5. g3 d6 6. Bg2 Nbd7 7. O-O c6 8. b3
e5 9. Bb2 Re8 10. dxe5 dxe5 11. e4 Qc7 12. Qc2 Nf8 13. Na4 Bg4 14. h3 Bxf3 15.
Bxf3 Ne6 16. Rfd1 Rad8 17. Rxd8 Rxd8 18. Rd1 Nd4 19. Bxd4 exd4 20. Bg2 c5
1/2-1/2

[Event "CAN-ch U2200"]
[Site "Kingston CAN"]
[Date "2019.04.22"]
[Round "9.20"]
[White "Xu, Ruoying"]
[Black "Joseph Benher, Savio"]
[Result "1-0"]
[WhiteElo "2053"]
[BlackElo "1746"]
[PlyCount "73"]
[EventDate "2019.04.18"]
[EventType "swiss"]
[EventRounds "9"]
[EventCountry "CAN"]

1. d4 Nf6 2. c4 e6 3. Nc3 Bb4 4. Qb3 c5 5. dxc5 Bxc5 6. Nf3 O-O 7. Bg5 Nc6 8.
e3 Be7 9. Be2 d6 10. O-O Nd7 11. Bxe7 Qxe7 12. a3 Nc5 13. Qc2 a5 14. Rad1 Rd8
15. Rfe1 Bd7 16. Nb5 Be8 17. Nfd4 Nxd4 18. exd4 Bxb5 19. cxb5 Nd7 20. Bf3 Nf6
21. Rc1 Rdc8 22. Qxc8+ Rxc8 23. Rxc8+ Ne8 24. Rec1 d5 25. R1c7 Qf8 26. Rxb7 g6
27. Rbb8 Kg7 28. Rxe8 Qd6 29. g3 Qc7 30. Rec8 Qe7 31. b6 Qf6 32. Kg2 Qxd4 33.
Rc7 e5 34. b7 e4 35. Rg8+ Kh6 36. Be2 Qd2 37. b8=Q 1-0

[Event "CAN-ch U2200"]
[Site "Kingston CAN"]
[Date "2019.04.22"]
[Round "9.21"]
[White "Zhao, Jeffrey Renfei"]
[Black "England, Max"]
[Result "1/2-1/2"]
[WhiteElo "1968"]
[BlackElo "2021"]
[PlyCount "31"]
[EventDate "2019.04.18"]
[EventType "swiss"]
[EventRounds "9"]
[EventCountry "CAN"]

1. e4 e5 2. Nf3 Nc6 3. Bc4 Bc5 4. c3 Nf6 5. d3 d6 6. Nbd2 a6 7. Bb3 Ba7 8. O-O
O-O 9. h3 Ne7 10. Re1 Ng6 11. Nf1 Bd7 12. Ng3 c6 13. d4 h6 14. Be3 Re8 15. Qd2
Be6 16. Rad1 1/2-1/2

[Event "CAN-ch U2200"]
[Site "Kingston CAN"]
[Date "2019.04.22"]
[Round "9.22"]
[White "Xu, Daniel"]
[Black "Zhu, Matthew"]
[Result "1-0"]
[WhiteElo "2081"]
[BlackElo "1892"]
[PlyCount "101"]
[EventDate "2019.04.18"]
[EventType "swiss"]
[EventRounds "9"]
[EventCountry "CAN"]

1. d4 d5 2. c4 c6 3. Nf3 Nf6 4. Nc3 dxc4 5. a4 Bf5 6. e3 e6 7. Bxc4 Bb4 8. O-O
O-O 9. Qe2 Bg6 10. Ne5 Nbd7 11. Nxg6 hxg6 12. Rd1 Qc7 13. e4 e5 14. Be3 Bxc3
15. bxc3 Nxe4 16. Qg4 Nef6 17. Qxg6 Nd5 18. Bxd5 cxd5 19. Qg3 Rfd8 20. Bh6 g6
21. Re1 Re8 22. Re3 Rac8 23. Rae1 e4 24. Qh4 Qb6 25. Bg5 f6 26. Rh3 fxg5 27.
Qh7+ Kf8 28. Qxd7 Qf6 29. Qxd5 g4 30. Rhe3 Re7 31. Rxe4 Rf7 32. Rf1 Rxc3 33.
Qe5 Qxe5 34. dxe5 Rf5 35. e6 Ke7 36. Rxg4 Rf6 37. Re1 Rxe6 38. Rxe6+ Kxe6 39.
h4 Kf5 40. Rg5+ Kf6 41. Rb5 b6 42. a5 Rc6 43. axb6 axb6 44. h5 g5 45. g4 Rc1+
46. Kg2 Rc6 47. Rf5+ Kg7 48. Rxg5+ Kh6 49. Rg6+ Rxg6 50. hxg6 Kxg6 51. f4 1-0

[Event "CAN-ch U2200"]
[Site "Kingston CAN"]
[Date "2019.04.22"]
[Round "9.23"]
[White "Van Rooy, Jake"]
[Black "Mercure, Gilbert"]
[Result "1-0"]
[WhiteElo "1959"]
[BlackElo "1892"]
[PlyCount "57"]
[EventDate "2019.04.18"]
[EventType "swiss"]
[EventRounds "9"]
[EventCountry "CAN"]

1. g3 d5 2. Bg2 Nc6 3. c4 e5 4. cxd5 Nb4 5. Nc3 Nf6 6. Qb3 Na6 7. Nf3 Nc5 8.
Qc4 Nfd7 9. e4 b5 10. Nxb5 Nb6 11. Qc2 Ba6 12. b4 Bxb5 13. bxc5 Na4 14. Rb1 a6
15. Ba3 f6 16. d3 Be7 17. Rb3 O-O 18. Bh3 f5 19. Nxe5 fxe4 20. Be6+ Kh8 21. d4
Qe8 22. Qxe4 Qh5 23. Qg4 Qh6 24. f4 Be8 25. Qe2 Bh5 26. Qe3 c6 27. Nxc6 Rxf4
28. Qxf4 Bg5 29. Rb8+ 1-0

[Event "CAN-ch U2200"]
[Site "Kingston CAN"]
[Date "2019.04.22"]
[Round "9.24"]
[White "Latreille, Etienne"]
[Black "Han, Johnathan"]
[Result "1/2-1/2"]
[WhiteElo "1956"]
[BlackElo "1979"]
[PlyCount "55"]
[EventDate "2019.04.18"]
[EventType "swiss"]
[EventRounds "9"]
[EventCountry "CAN"]

1. d4 Nf6 2. Nf3 g6 3. Bf4 Bg7 4. c4 O-O 5. Nc3 d6 6. h3 Nbd7 7. e3 c6 8. Rc1
Re8 9. Be2 e5 10. dxe5 dxe5 11. Nxe5 Nxe5 12. Qxd8 Rxd8 13. Bxe5 Be6 14. b3 Nd7
15. Bxg7 Kxg7 16. Rd1 Nc5 17. O-O a5 18. f4 Bf5 19. Kf2 Bc2 20. Rxd8 Rxd8 21.
Rc1 Be4 22. Nxe4 Nxe4+ 23. Ke1 f5 24. Bf3 Rd3 25. Bxe4 Rxe3+ 26. Kf2 Rxe4 27.
Kf3 Rd4 28. Re1 1/2-1/2

[Event "CAN-ch extra"]
[Site "Kingston CAN"]
[Date "2019.04.18"]
[Round "1.18"]
[White "Joseph Benher, Savio"]
[Black "Rusonik, Max"]
[Result "0-1"]
[WhiteElo "1746"]
[BlackElo "1900"]
[PlyCount "62"]
[EventDate "2019.04.18"]
[EventType "swiss"]
[EventRounds "9"]
[EventCountry "CAN"]

1. e4 e5 2. Nf3 Nc6 3. Bb5 f5 4. d3 fxe4 5. dxe4 Nf6 6. O-O d6 7. Nc3 Be7 8.
Bc4 Bg4 9. Be3 Qd7 10. a3 Rf8 11. Be2 O-O-O 12. b4 a6 13. Nd2 Bxe2 14. Qxe2 d5
15. exd5 Nd4 16. Qd3 Nxd5 17. Nxd5 Qxd5 18. Bxd4 exd4 19. Nf3 Bf6 20. Rad1 Qh5
21. Qc4 Rd6 22. Rfe1 Rc6 23. Qe2 Rd8 24. Rd3 Qb5 25. Red1 Qc4 26. R1d2 Re6 27.
Qd1 Rdd6 28. Nxd4 Bxd4 29. Rxd4 Rxd4 30. Rxd4 Qxd4 31. Qxd4 Re1# 0-1

[Event "CAN-ch extra"]
[Site "Kingston CAN"]
[Date "2019.04.19"]
[Round "2.38"]
[White "Dickson, Raymond"]
[Black "Chau, Jonathan"]
[Result "1-0"]
[WhiteElo "1594"]
[BlackElo "934"]
[PlyCount "41"]
[EventDate "2019.04.18"]
[EventType "swiss"]
[EventRounds "9"]
[EventCountry "CAN"]

1. d4 Nf6 2. e3 e6 3. Bd3 d5 4. Nd2 Nc6 5. f4 Bd6 6. c3 Nd7 7. Ngf3 f6 8. O-O
e5 9. fxe5 fxe5 10. e4 dxe4 11. Bxe4 Ne7 12. Ng5 Nf6 13. Rxf6 Ng6 14. Rxg6 O-O
15. Bd5+ Kh8 16. Qh5 Qxg5 17. Qxg5 Re8 18. Rxg7 Be6 19. Qh6 Bf5 20. Rxh7+ Bxh7
21. Qf6# 1-0

[Event "CAN-ch extra"]
[Site "Kingston CAN"]
[Date "2019.04.19"]
[Round "3.18"]
[White "Chen, Max"]
[Black "Elieff, Kosta"]
[Result "1-0"]
[WhiteElo "2070"]
[BlackElo "2035"]
[PlyCount "59"]
[EventDate "2019.04.18"]
[EventType "swiss"]
[EventRounds "9"]
[EventCountry "CAN"]

1. e4 c5 2. Nf3 a6 3. c3 Nf6 4. Bd3 Nc6 5. Bc2 d6 6. O-O e5 7. h3 g6 8. d4 Bg7
9. Be3 Qe7 10. d5 Na5 11. Qe2 b5 12. Nbd2 Qc7 13. a4 bxa4 14. Bxa4+ Nd7 15. b4
Nb7 16. Bxd7+ Bxd7 17. Rxa6 O-O 18. Rfa1 Rxa6 19. Qxa6 f5 20. Nc4 f4 21. Bd2
Rb8 22. bxc5 Nxc5 23. Qxd6 Qxd6 24. Nxd6 Bf8 25. Nc4 Nxe4 26. Ncxe5 Bf5 27.
Bxf4 Nxc3 28. Nxg6 Ne2+ 29. Kh1 Be4 30. Bxb8 1-0

[Event "CAN-ch extra"]
[Site "Kingston CAN"]
[Date "2019.04.19"]
[Round "3.51"]
[White "Bilodeau-Savaria, Sandy-Rose"]
[Black "Murray, Brian"]
[Result "1-0"]
[WhiteElo "1150"]
[BlackElo "1377"]
[PlyCount "73"]
[EventDate "2019.04.18"]
[EventType "swiss"]
[EventRounds "9"]
[EventCountry "CAN"]

1. d4 d6 2. c4 c6 3. Nf3 Nf6 4. Nc3 Nbd7 5. Bg5 b6 6. e4 Qc7 7. Be2 e5 8. d5
cxd5 9. cxd5 Be7 10. O-O O-O 11. Rc1 Qd8 12. b4 a5 13. a3 Bb7 14. Qd2 Nh5 15.
Be3 axb4 16. axb4 f5 17. exf5 Nf4 18. Bxf4 exf4 19. Qxf4 Ne5 20. Rfe1 Nxf3+ 21.
Qxf3 Ra3 22. Ra1 Qa8 23. Rxa3 Qxa3 24. b5 Bf6 25. Ne4 Qxf3 26. Bxf3 Be5 27. g4
Kh8 28. Ng5 Bc8 29. Ne6 Rf6 30. Rc1 Bxe6 31. dxe6 Rf8 32. Rc7 Re8 33. e7 d5 34.
Rd7 Bf6 35. Rb7 Bd4 36. Bxd5 Bc5 37. Bc6 1-0

[Event "CAN-ch extra"]
[Site "Kingston CAN"]
[Date "2019.04.20"]
[Round "4.51"]
[White "De Leon, Raf Adrik"]
[Black "Murray, Brian"]
[Result "1-0"]
[WhiteElo "1247"]
[BlackElo "1377"]
[PlyCount "77"]
[EventDate "2019.04.18"]
[EventType "swiss"]
[EventRounds "9"]
[EventCountry "CAN"]

1. Nf3 g6 2. c4 Bg7 3. Nc3 Nf6 4. d4 d6 5. e4 Nbd7 6. Bg5 O-O 7. Bd3 c6 8. Qd2
Re8 9. O-O-O e5 10. d5 cxd5 11. Nxd5 Nc5 12. Bc2 a5 13. Nxf6+ Bxf6 14. Bxf6
Qxf6 15. Qxd6 Nxe4 16. Bxe4 Qf4+ 17. Nd2 Be6 18. Qd3 Rac8 19. b3 b5 20. Kb1
Red8 21. Qf3 Rxd2 22. Qxf4 Rxd1+ 23. Rxd1 exf4 24. cxb5 Rb8 25. Bc6 Bf5+ 26.
Kb2 Kg7 27. Rd4 g5 28. Ra4 Rd8 29. Rxa5 Rd2+ 30. Kc3 Rc2+ 31. Kb4 Bd3 32. Bf3
Be2 33. b6 Bxf3 34. gxf3 Rc8 35. Rxg5+ Kf6 36. Rc5 Rb8 37. Kb5 Ke6 38. Rc7 h5
39. b7 1-0

[Event "CAN-ch extra"]
[Site "Kingston CAN"]
[Date "2019.04.20"]
[Round "5.25"]
[White "Han, Johnathan"]
[Black "Murray, Brian"]
[Result "1-0"]
[WhiteElo "1979"]
[BlackElo "1377"]
[PlyCount "91"]
[EventDate "2019.04.18"]
[EventType "swiss"]
[EventRounds "9"]
[EventCountry "CAN"]

1. e4 e5 2. Nf3 d6 3. Bc4 Be7 4. d4 Nd7 5. Nc3 c6 6. a4 b6 7. O-O Ngf6 8. d5
Bb7 9. dxc6 Bxc6 10. Re1 O-O 11. Bg5 Re8 12. Qd2 Qc7 13. Bb5 a6 14. Bxc6 Qxc6
15. h3 Nc5 16. Bxf6 Bxf6 17. Nd5 Bd8 18. b3 Ne6 19. g3 h6 20. h4 Rf8 21. Rad1
f5 22. Nb4 Qc8 23. Qxd6 fxe4 24. Nxe5 Bc7 25. Qd5 Bxe5 26. Qxe5 Nf4 27. gxf4
Qg4+ 28. Kf1 Qh3+ 29. Ke2 Qf3+ 30. Kd2 Qxf2+ 31. Kc1 Qxf4+ 32. Qxf4 Rxf4 33.
Rd7 Rxh4 34. Rg1 g5 35. Nd5 b5 36. Nf6+ Kf8 37. Rf1 Rf4 38. Rxf4 gxf4 39. Rh7
e3 40. Rh8+ Kf7 41. Rxa8 bxa4 42. Rxa6 axb3 43. cxb3 f3 44. Ng4 e2 45. Kd2 h5
46. Rf6+ 1-0

[Event "CAN-ch extra"]
[Site "Kingston CAN"]
[Date "2019.04.20"]
[Round "5.51"]
[White "Liao, Austin"]
[Black "Lukezich, John"]
[Result "0-1"]
[WhiteElo "902"]
[BlackElo "1298"]
[PlyCount "86"]
[EventDate "2019.04.18"]
[EventType "swiss"]
[EventRounds "9"]
[EventCountry "CAN"]

1. e4 e5 2. Nf3 Nf6 3. Nc3 Nc6 4. Bc4 Bc5 5. d3 h6 6. O-O O-O 7. h3 d6 8. Re1
Re8 9. Bd2 Be6 10. Bxe6 Rxe6 11. Nd5 Ne7 12. Nxf6+ Rxf6 13. Bc3 Nc6 14. Qd2 Qd7
15. Rad1 Rxf3 16. gxf3 Qxh3 17. f4 Qg4+ 18. Kf1 exf4 19. Re3 fxe3 20. fxe3 Qf3+
21. Ke1 Bxe3 22. Qe2 Qxe2+ 23. Kxe2 Bg5 24. Rg1 Re8 25. Kf3 Ne5+ 26. Bxe5 dxe5
27. Ra1 c5 28. a4 Re6 29. Ra3 Bc1 30. Rb3 b6 31. Rb5 Rg6 32. a5 h5 33. axb6
axb6 34. d4 exd4 35. Rb3 h4 36. Ke2 Be3 37. c3 h3 38. cxd4 cxd4 39. Ra3 h2 40.
Ra1 Rg1 41. Rxg1 hxg1=Q 42. b4 Qf2+ 43. Kd1 Qd2# 0-1

[Event "CAN-ch extra"]
[Site "Kingston CAN"]
[Date "2019.04.21"]
[Round "6.51"]
[White "Chocina, Adam"]
[Black "Murray, Brian"]
[Result "1-0"]
[WhiteElo "1179"]
[BlackElo "1377"]
[PlyCount "51"]
[EventDate "2019.04.18"]
[EventType "swiss"]
[EventRounds "9"]
[EventCountry "CAN"]

1. d4 Nf6 2. c4 g6 3. Nf3 Bg7 4. Nc3 O-O 5. e3 d6 6. Be2 c6 7. h3 Nbd7 8. O-O
b6 9. Bd2 Bb7 10. Qc2 Rc8 11. Rfe1 Re8 12. Rad1 d5 13. b4 e6 14. c5 bxc5 15.
bxc5 e5 16. Rb1 exd4 17. exd4 Ba8 18. Bf4 Nb8 19. Qa4 Qd7 20. Ne5 Qf5 21. Bh2
Ne4 22. Nxe4 Bxe5 23. Bxe5 dxe4 24. Bg4 Qg5 25. Bxc8 Rxc8 26. Rxb8 1-0

[Event "CAN-ch extra"]
[Site "Kingston CAN"]
[Date "2019.04.21"]
[Round "7.18"]
[White "Zhu, Matthew"]
[Black "Javidfard, Amirsalar"]
[Result "1-0"]
[WhiteElo "1892"]
[BlackElo "2024"]
[PlyCount "69"]
[EventDate "2019.04.18"]
[EventType "swiss"]
[EventRounds "9"]
[EventCountry "CAN"]

1. e4 c5 2. Nf3 e6 3. d4 cxd4 4. Nxd4 a6 5. c4 Nf6 6. Nc3 Bb4 7. Bd3 Nc6 8.
Nxc6 dxc6 9. O-O Bxc3 10. bxc3 Qa5 11. Qc2 O-O 12. Kh1 Rd8 13. f4 g6 14. h3 Nd7
15. f5 Ne5 16. Be2 exf5 17. Bf4 Re8 18. exf5 Bxf5 19. Qb3 Nd7 20. Qb2 Nc5 21.
Bh6 Ne4 22. Rf3 Qe5 23. Bd3 Ng3+ 24. Kg1 Qc5+ 25. Kh2 Bxd3 26. Rxg3 Bxc4 27.
Qd2 Re2 28. Qf4 Rf2 29. Qh4 Re8 30. Re1 Be2 31. Re3 Qd6+ 32. Bf4 Rxf4 33. Rxe8+
Kg7 34. Qg3 Rc4 35. Re4 1-0